000 00419nam a22001817a 4500
003 MPLRDC
005 20220104143017.0
008 210129b ||||| |||| 00| 0 eng d
020 _a7-80039-031-4
082 _a683 HYCB
100 _a不详
245 _a黄山天下奇
_c
250 _a第二版
260 _a
_b华艺出版社
_c1997
300 _b
650 _a中国类志--山
942 _cBK
_o683 HYCB
999 _c35761
_d35751